000 00358nam a2200157Ia 4500
003 0STCL
008 150530s9999 xx 000 0 und d
040 _aSTCL
_cSTCL
100 _aGeorge Clark
245 _aWealth of England
260 _bOxford University press
_c1946
546 _aEnglish
942 _2ddc
_cBK
999 _c7489
_d7489
005 20220125165450.0